|
|
|
|
| LEADER |
00966nam a22002537a 4500 |
| 001 |
AAL1367 |
| 003 |
BD-DhAAL |
| 005 |
20160425164938.0 |
| 008 |
160425s 1990us a|||| |||| 00| 0 eng d |
| 020 |
|
|
|a 0312106033
|
| 040 |
|
|
|a BD-DhAAL
|c BD-DhAAL
|
| 082 |
|
|
|a 327.1/72/07
|
| 100 |
|
|
|a Fox, Len
|9 19253
|
| 245 |
|
|
|a Making peace :
|b a reading/writing/thinking text on global community /
|c Elaine Brooks; Len Fox
|
| 260 |
|
|
|a New York :
|b St. Martin's Press,
|c ©1995.
|
| 300 |
|
|
|a xiv, 279 pages :
|b illustrations ;
|c 24 cm
|
| 541 |
|
|
|e 1367
|
| 650 |
|
|
|a Peace
|x Study and teaching
|z United States
|9 19254
|
| 650 |
|
|
|a Peace
|x Study and teaching
|9 19255
|
| 700 |
|
|
|a Brooks, Elaine
|9 19256
|
| 852 |
|
|
|a Savar Campus Library
|c General Shelf
|
| 942 |
|
|
|2 ddc
|c BK
|
| 999 |
|
|
|c 37481
|d 37481
|
| 952 |
|
|
|0 0
|1 0
|2 ddc
|4 0
|6 327_100000000000000_72_07_FOX
|7 0
|9 58848
|a SCL
|b SCL
|c GEN
|d 2016-04-25
|e Gift: The Asia Foundation
|l 0
|o 327.17207 FOX
|p 3020001367
|r 2016-04-25
|t 1
|w 2016-04-25
|y BK
|